[Event "XII Festival A"]
[Site "Robecchetto con Induno ITA"]
[Date "1999.01.02"]
[Round "1"]
[White "Bemporad, Filippo"]
[Black "Orsi, Massimiliano"]
[Result "1-0"]
[WhiteElo "2060"]
[BlackElo "1813"]
[PlyCount "133"]
[EventDate "1999.01.02"]

1.d4 d5 2.c4 e6 3.Nc3 c5 4.cxd5 exd5 5.Nf3 Nc6 6.g3 Nf6 7.Bg2 Be7 8.O-O 
O-O 9.Bg5 cxd4 10.Nxd4 h6 11.Bf4 a6 12.a3 Re8 13.b4 Bd6 14.Nxc6 bxc6 15.
Be3 Bg4 16.Bd4 Qd7 17.Re1 Qf5 18.Qd2 Qh5 19.Bxf6 gxf6 20.e4 Rad8 21.exd5 
Be5 22.Rac1 Be6 23.f4 Bxc3 24.Rxc3 Bxd5 25.Rd3 Rxe1+ 26.Qxe1 Qf5 27.Qd2 
Re8 28.Re3 Rxe3 29.Qxe3 Qb1+ 30.Bf1 Bc4 31.Qf2 Qa1 32.Qf3 f5 33.Qf2 Bxf1 
34.Qxf1 Qxa3 35.Qe1 Kf8 36.Qd2 Qb3 37.Qd6+ Kg7 38.Qe5+ Kg6 39.Qd6+ Kg7 40.
Qxc6 Qxb4 41.Qxa6 Qe1+ 42.Kg2 Qe4+ 43.Kh3 Qc2 44.Qb5 Kg6 45.Qe8 Kg7 46.
Qe5+ Kg6 47.Qh8 Qe2 48.Qg8+ Kf6 49.Qd8+ Kg6 50.Qd6+ Kg7 51.Qe5+ Qxe5 52.
fxe5 f6 53.e6 Kf8 54.Kh4 Ke7 55.Kh5 Kxe6 56.Kxh6 Ke5 57.h4 f4 58.gxf4+ 
Kxf4 59.Kg6 Kg4 60.h5 f5 61.h6 f4 62.h7 f3 63.h8=Q Kg3 64.Qh1 f2 65.Qf1 
Kf3 66.Kf5 Kg3 67.Ke4 1-0

[Event "XII Festival A"]
[Site "Robecchetto con Induno ITA"]
[Date "1999.01.02"]
[Round "1"]
[White "Brioschi, Camillo"]
[Black "Bonetti, Marco"]
[Result "1-0"]
[WhiteElo "1642"]
[BlackElo "1902"]
[PlyCount "59"]
[EventDate "1999.01.02"]

1.d4 Nf6 2.c4 e6 3.Nc3 Bb4 4.e3 O-O 5.Bd3 b6 6.Ne2 Bb7 7.f3 d5 8.a3 Bxc3+ 
9.Nxc3 Nc6 10.O-O dxc4 11.Bxc4 Qd7 12.b4 Rad8 13.Bb2 Rfe8 14.Ne4 Nd5 15.
Qe2 e5 16.Bxd5 Qxd5 17.Nc3 Qb3 18.d5 Nd4 19.exd4 exd4 20.Ne4 f5 21.Qf2 
Rxd5 22.Ng3 c5 23.bxc5 bxc5 24.Rab1 Ba6 25.Rfe1 Rb8 26.Re7 Bd3 27.Qe1 Rdd8
28.Qe5 Qf7 29.Rxf7 Kxf7 30.Re1 1-0

[Event "XII Festival A"]
[Site "Robecchetto con Induno ITA"]
[Date "1999.01.02"]
[Round "1"]
[White "Brunetti, Alessandro"]
[Black "Minerva, Enzo"]
[Result "1/2-1/2"]
[WhiteElo "1824"]
[BlackElo "2084"]
[PlyCount "92"]
[EventDate "1999.01.02"]

1.d4 Nf6 2.c4 c5 3.Nf3 cxd4 4.Nxd4 Nc6 5.Nc3 Qb6 6.Nb3 e6 7.Bf4 Bb4 8.Bd6 
Ne4 9.c5 Nxc5 10.Nxc5 Bxc5 11.Bxc5 Qxc5 12.e4 a6 13.Be2 O-O 14.O-O Qd4 15.
Rc1 b5 16.Qxd4 Nxd4 17.b4 Nxe2+ 18.Nxe2 Bb7 19.e5 Rac8 20.Nd4 Rxc1 21.Rxc1
Rc8 22.Rxc8+ Bxc8 23.f4 Bb7 24.Nb3 Bd5 25.Nc5 Bxa2 26.Nxd7 Bd5 27.Nc5 a5 
28.bxa5 b4 29.Kf2 b3 30.Nd3 Kf8 31.g3 Ke7 32.Ke3 Kd7 33.Kd4 Kc6 34.Nb4+ 
Kb5 35.Nxd5 exd5 36.Kc3 Kxa5 37.Kxb3 Kb5 38.Kc3 Kc5 39.Kd3 d4 40.f5 Kd5 
41.e6 fxe6 42.fxe6 Kxe6 43.Kxd4 Kf5 44.h3 h5 45.Ke3 g5 46.Kd4 Kf6 1/2-1/2

[Event "XII Festival A"]
[Site "Robecchetto con Induno ITA"]
[Date "1999.01.02"]
[Round "1"]
[White "Galli, Fabio"]
[Black "Quagliarella, Sabino Remo"]
[Result "1-0"]
[WhiteElo "1900"]
[BlackElo "1802"]
[PlyCount "125"]
[EventDate "1999.01.02"]

1.e4 d6 2.d4 Nf6 3.Nc3 c6 4.Bc4 Qa5 5.f3 d5 6.exd5 cxd5 7.Bb5+ Nc6 8.Ne2 
e6 9.O-O Be7 10.a3 O-O 11.Bg5 Qb6 12.Kh1 a6 13.Bxc6 bxc6 14.b4 a5 15.bxa5 
Qxa5 16.Bd2 Qa7 17.a4 Ba6 18.a5 Rfb8 19.Na4 Bxe2 20.Qxe2 Qxd4 21.Be3 Qb4 
22.Nb6 Rxa5 23.Bd2 Qb5 24.c4 Qxb6 25.Bxa5 Qd4 26.Bc7 Re8 27.Be5 Qxc4 28.
Qxc4 dxc4 29.Rfc1 Nd7 30.Bg3 Bf6 31.Ra7 Ne5 32.Bxe5 Bxe5 33.Rxc4 c5 34.
Rca4 g6 35.Ra8 Rxa8 36.Rxa8+ Kg7 37.Ra4 Bd4 38.g3 h5 39.Kg2 Kf6 40.f4 g5 
41.Kf3 gxf4 42.gxf4 Kf5 43.Ra6 e5 44.fxe5 Bxe5 45.Rc6 Bd4 46.h4 f6 47.Rc8 
Ke5 48.Rh8 c4 49.Rxh5+ f5 50.Rh8 c3 51.Rc8 Kd5 52.h5 Bc5 53.Ke2 f4 54.Kd3 
f3 55.Rc7 f2 56.Rf7 c2 57.Kxc2 Ke4 58.Kd2 Ke5 59.Ke2 Ke6 60.Rf3 Bd4 61.h6 
Bf6 62.h7 Bd4 63.Rf8 1-0

[Event "XII Festival A"]
[Site "Robecchetto con Induno ITA"]
[Date "1999.01.02"]
[Round "1"]
[White "Larghi, Riccardo"]
[Black "Ciolac, Gheorghe"]
[Result "0-1"]
[WhiteElo "1845"]
[BlackElo "2389"]
[PlyCount "66"]
[EventDate "1999.01.02"]

1.e4 e5 2.Nc3 Nc6 3.Bc4 Nf6 4.d3 Bb4 5.Bg5 h6 6.Bh4 Bxc3+ 7.bxc3 d6 8.Ne2 
g5 9.Bg3 h5 10.h4 g4 11.Qd2 Qe7 12.f4 gxf3 13.gxf3 Be6 14.Bxe6 fxe6 15.Qe3
Rg8 16.a4 d5 17.Rg1 O-O-O 18.Bf2 dxe4 19.dxe4 Rxg1+ 20.Bxg1 b6 21.Rd1 Nd7 
22.Bf2 Rf8 23.Ng1 Nc5 24.Qe2 Na5 25.Qb5 Nab7 26.Ke2 Qf7 27.Bxc5 Nxc5 28.
Qc6 Kb8 29.Rb1 Nb7 30.Qb5 Qf4 31.a5 Qh2+ 32.Ke3 Qxc2 33.Ne2 Nd6 0-1

[Event "XII Festival A"]
[Site "Robecchetto con Induno ITA"]
[Date "1999.01.02"]
[Round "1"]
[White "Ottolini, Graziano"]
[Black "Gabetto, Flaviano"]
[Result "0-1"]
[WhiteElo "1815"]
[BlackElo "2053"]
[PlyCount "82"]
[EventDate "1999.01.02"]

1.Nf3 g6 2.e4 Bg7 3.d4 d6 4.Bc4 c6 5.O-O Nf6 6.Re1 O-O 7.Bb3 a5 8.c3 b5 9.
a4 Na6 10.Qe2 Nc7 11.h3 Ba6 12.axb5 Nxb5 13.c4 Nc7 14.Rxa5 Ne6 15.Ra3 d5 
16.e5 Nd7 17.Rxa6 Rxa6 18.cxd5 Nc7 19.d6 exd6 20.Bg5 Qb8 21.Bc4 Rb6 22.Be7
Rxb2 23.Nbd2 d5 24.Bxf8 Nxf8 25.Bd3 Bh6 26.Rb1 Nfe6 27.Rxb2 Qxb2 28.Nf1 
Qc3 29.Bc2 Nxd4 30.Nxd4 Qxd4 31.Nh2 Ne6 32.Ng4 Bg7 33.Qa6 c5 34.Qa8+ Nf8 
35.Ne3 Bxe5 36.Nxd5 Qb2 37.Ne3 Bd4 38.Qe4 Ne6 39.Nd5 Qc1+ 40.Kh2 Bxf2 41.
Nf6+ Kg7 0-1

[Event "XII Festival A"]
[Site "Robecchetto con Induno ITA"]
[Date "1999.01.02"]
[Round "1"]
[White "Rossi, Giampiero"]
[Black "Pozzoli, Mauro"]
[Result "1-0"]
[WhiteElo "2023"]
[BlackElo "1816"]
[PlyCount "125"]
[EventDate "1999.01.02"]

1.d4 Nf6 2.c4 e6 3.Nc3 d5 4.cxd5 exd5 5.Bg5 Be7 6.e3 c6 7.Qc2 O-O 8.Bd3 
Nbd7 9.Nf3 Re8 10.O-O Nf8 11.Rab1 Ng6 12.b4 Bd6 13.b5 h6 14.Bxh6 gxh6 15.
Bxg6 fxg6 16.Qxg6+ Kh8 17.Qxh6+ Nh7 18.bxc6 bxc6 19.Rb3 Rg8 20.Rc1 Qd7 21.
Ne2 Ba6 22.Ng3 Raf8 23.Qh5 Bc4 24.Ne5 Bxe5 25.Qxe5+ Qg7 26.Qxg7+ Rxg7 27.
Rb2 Rgg8 28.f3 Rb8 29.Rbb1 Rxb1 30.Rxb1 Nf6 31.Kf2 Kh7 32.Nf5 Rd8 33.g4 
Rd7 34.h4 Kg6 35.Ng3 Ba6 36.Ne2 Rb7 37.Rxb7 Bxb7 38.Nf4+ Kf7 39.Nd3 Nd7 
40.Kg3 Ba6 41.Nc5 Nxc5 42.dxc5 Kf6 43.Kf4 Be2 44.h5 a5 45.g5+ Ke6 46.h6 
Kf7 47.Kf5 Bxf3 48.g6+ Kg8 49.Kf6 d4 50.exd4 a4 51.a3 Bd5 52.Ke7 Be4 53.
Kd6 Bd5 54.Kc7 Kf8 55.Kb6 Kg8 56.Ka5 Bb3 57.Kb4 Bc2 58.d5 cxd5 59.g7 Kh7 
60.c6 Bf5 61.Kxa4 d4 62.Kb4 Be6 63.c7 1-0

[Event "XII Festival A"]
[Site "Robecchetto con Induno ITA"]
[Date "1999.01.02"]
[Round "2"]
[White "Bonetti, Marco"]
[Black "Liscio, Giovanni"]
[Result "1-0"]
[WhiteElo "1902"]
[BlackElo "1804"]
[PlyCount "61"]
[EventDate "1999.01.02"]

1.e4 c5 2.Nf3 d6 3.d4 cxd4 4.Nxd4 Nf6 5.Nc3 e6 6.Be2 a6 7.O-O Nc6 8.Be3 
Be7 9.a4 Qc7 10.f4 Bd7 11.Kh1 Nxd4 12.Qxd4 e5 13.Qd2 Bc6 14.Bf3 b6 15.fxe5
dxe5 16.Qf2 Rb8 17.Nd5 Bxd5 18.exd5 O-O 19.b3 e4 20.Be2 Nxd5 21.Bxa6 Nxe3 
22.Qxe3 Qe5 23.Bc4 Kh8 24.Rad1 Bc5 25.Qh3 f6 26.Rd5 Qe8 27.Rh5 Qg6 28.Be6 
h6 29.Bf5 Qf7 30.Rf4 Rbd8 31.Rxh6+ 1-0

[Event "XII Festival A"]
[Site "Robecchetto con Induno ITA"]
[Date "1999.01.02"]
[Round "2"]
[White "Gabetto, Flaviano"]
[Black "Galli, Fabio"]
[Result "0-1"]
[WhiteElo "2053"]
[BlackElo "1900"]
[PlyCount "92"]
[EventDate "1999.01.02"]

1.e4 c5 2.b4 cxb4 3.d4 d5 4.e5 Qc7 5.Bd3 Nc6 6.Be3 Na5 7.Nd2 Bd7 8.Ne2 e6 
9.O-O Nc4 10.Nxc4 dxc4 11.Be4 Bc6 12.Ng3 Ne7 13.f4 g6 14.a3 bxa3 15.c3 h5 
16.Bc2 b5 17.Bc1 Nd5 18.Ne4 a5 19.Bxa3 Bxa3 20.Rxa3 Ne3 21.Nf6+ Kf8 22.Qe2
Nxf1 23.Qxf1 Kg7 24.Ra1 Bd5 25.f5 gxf5 26.Nxd5 exd5 27.Qxf5 Qe7 28.Qf3 Qe6
29.Bf5 Qc6 30.e6 Rh6 31.Re1 fxe6 32.Qg3+ Kf7 33.Qg5 Rf6 34.Qxh5+ Ke7 35.
Bg4 Raf8 36.Qg5 Kd7 37.h4 b4 38.cxb4 axb4 39.h5 b3 40.h6 b2 41.h7 Rf1+ 42.
Rxf1 Rxf1+ 43.Kh2 Rh1+ 44.Kg3 Qd6+ 45.Kf2 b1=Q 46.Qg7+ Kc6 0-1

[Event "XII Festival A"]
[Site "Robecchetto con Induno ITA"]
[Date "1999.01.02"]
[Round "2"]
[White "Minerva, Enzo"]
[Black "Brioschi, Camillo"]
[Result "1-0"]
[WhiteElo "2084"]
[BlackElo "1642"]
[PlyCount "73"]
[EventDate "1999.01.02"]

1.e4 e5 2.Nf3 Nc6 3.Bb5 a6 4.Bxc6 dxc6 5.O-O f6 6.d4 exd4 7.Nxd4 c5 8.Nb3 
Qxd1 9.Rxd1 Bg4 10.f3 Be6 11.Bf4 c4 12.Nd4 O-O-O 13.Nc3 Bc5 14.Be3 Bf7 15.
Kf2 Ne7 16.Ke2 Bd6 17.Kf2 h5 18.h4 Rhg8 19.f4 Rge8 20.Rab1 g6 21.b4 cxb3 
22.axb3 c5 23.Nde2 Nc6 24.Na4 Rxe4 25.Bxc5 Bc7 26.Nb6+ Bxb6 27.Bxb6 Rde8 
28.Re1 Nb4 29.Rbc1 Nd5 30.Ba5 Nxf4 31.Nxf4 Rxf4+ 32.Kg3 Rg4+ 33.Kh3 Be6 
34.Rcd1 Rd4+ 35.Rxe6 Rxd1 36.Rxe8+ Kd7 37.Rd8+ 1-0

[Event "XII Festival A"]
[Site "Robecchetto con Induno ITA"]
[Date "1999.01.02"]
[Round "2"]
[White "Montaruli, Roberto"]
[Black "Rossi, Giampiero"]
[Result "1/2-1/2"]
[WhiteElo "1828"]
[BlackElo "2023"]
[PlyCount "51"]
[EventDate "1999.01.02"]

1.d4 d5 2.Nf3 c6 3.c4 e6 4.Nc3 Nf6 5.e3 Nbd7 6.Bd3 Bd6 7.O-O O-O 8.e4 dxe4
9.Nxe4 Nxe4 10.Bxe4 Nf6 11.Bc2 b6 12.Bg5 h6 13.Bxf6 Qxf6 14.Re1 Bb7 15.Qd3
g6 16.Ne5 Rfd8 17.Qe3 Kg7 18.Ng4 Qf4 19.Qxf4 Bxf4 20.Rad1 Rd7 21.Ne5 Bxe5 
22.dxe5 Rad8 23.Rxd7 Rxd7 24.Rd1 Rxd1+ 25.Bxd1 c5 26.f4 1/2-1/2

[Event "XII Festival A"]
[Site "Robecchetto con Induno ITA"]
[Date "1999.01.02"]
[Round "2"]
[White "Orsi, Massimiliano"]
[Black "Barlocco, Carlo"]
[Result "0-1"]
[WhiteElo "1813"]
[BlackElo "2245"]
[PlyCount "108"]
[EventDate "1999.01.02"]

1.e4 e5 2.f4 Nc6 3.Nf3 d6 4.Bb5 Bd7 5.O-O Nf6 6.Nc3 Be7 7.d3 O-O 8.Kh1 
exf4 9.Bxf4 Re8 10.Qd2 a6 11.Ba4 b5 12.Bb3 Na5 13.Nd5 Nxd5 14.Bxd5 c6 15.
Bb3 Bf6 16.Bg5 Nxb3 17.axb3 Bg4 18.Bxf6 Qxf6 19.Ng5 Qh6 20.Qf4 Bh5 21.Nh3 
Qe6 22.Qh4 Bg6 23.Nf4 Qe5 24.Nxg6 hxg6 25.c3 b4 26.Qf2 f6 27.cxb4 Reb8 28.
Ra5 Qe6 29.Qd4 Qxb3 30.Qxd6 Rd8 31.Ra3 Qxb2 32.Qe6+ Kf8 33.Ra2 Qd4 34.Raf2
Rd6 35.Qh3 Re8 36.Qg3 Qxd3 37.Qxg6 Qxe4 38.Qh5 Kg8 39.Rf4 Qe2 40.Qc5 Rd1 
41.Qg1 Rxf1 42.Rxf1 Qe3 43.Qxe3 Rxe3 44.Rc1 Re4 45.h3 Rxb4 46.Rxc6 a5 47.
Ra6 a4 48.Ra7 Kh7 49.Kh2 Kg6 50.g3 Rb2+ 51.Kg1 Rb3 52.Kg2 a3 53.Ra5 Rb2+ 
54.Kg1 a2 0-1

[Event "XII Festival A"]
[Site "Robecchetto con Induno ITA"]
[Date "1999.01.02"]
[Round "2"]
[White "Pozzoli, Mauro"]
[Black "Ottolini, Graziano"]
[Result "1-0"]
[WhiteElo "1816"]
[BlackElo "1815"]
[PlyCount "81"]
[EventDate "1999.01.02"]

1.e4 Nf6 2.e5 Nd5 3.d4 d6 4.Nf3 Bg4 5.Be2 e6 6.O-O Be7 7.c4 Nb6 8.exd6 
cxd6 9.Nc3 O-O 10.b3 d5 11.c5 N6d7 12.b4 a6 13.Be3 Nc6 14.Rb1 Nf6 15.a4 
Ne4 16.Nxe4 dxe4 17.Ne5 Bxe2 18.Qxe2 Nxd4 19.Qc4 Nf5 20.Rbd1 Nxe3 21.fxe3 
Qc7 22.Qxe4 Rad8 23.Rxd8 Bxd8 24.Rd1 f5 25.Qf4 Bg5 26.Qxg5 Qxe5 27.Rd7 Qc3
28.h4 h6 29.Qf4 e5 30.Qg3 e4 31.Kh2 Qf6 32.Rxb7 f4 33.exf4 Qxf4 34.Rxg7+ 
Kh8 35.Rg8+ Kh7 36.Rg7+ Kh8 37.Qxf4 Rxf4 38.Rd7 e3 39.c6 Rc4 40.b5 axb5 
41.axb5 1-0

[Event "XII Festival A"]
[Site "Robecchetto con Induno ITA"]
[Date "1999.01.02"]
[Round "2"]
[White "Quagliarella, Sabino Remo"]
[Black "Larghi, Riccardo"]
[Result "0-1"]
[WhiteElo "1802"]
[BlackElo "1845"]
[PlyCount "140"]
[EventDate "1999.01.02"]

1.d4 Nf6 2.c4 c5 3.d5 b5 4.cxb5 a6 5.bxa6 Bxa6 6.Nf3 d6 7.Nc3 g6 8.g3 Bg7 
9.Bg2 O-O 10.O-O Nbd7 11.Qc2 Qa5 12.Rd1 Ng4 13.h3 Nge5 14.Nd2 Rfb8 15.f4 
Nc4 16.Nxc4 Bxc4 17.Bd2 Ra7 18.b3 Ba6 19.Rab1 Qc7 20.e4 c4 21.Kh2 cxb3 22.
Rxb3 Re8 23.Be3 Bc4 24.Bxa7 Bxb3 25.Qxb3 Qxa7 26.Nb5 Qf2 27.Rf1 Qe2 28.Na3
Nc5 29.Qb1 Ra8 30.Rf3 Nxe4 31.Qb7 Re8 32.Qb5 Qxb5 33.Nxb5 Ra8 34.a3 Ra5 
35.Re3 Nc5 36.Bf1 Kf8 37.g4 Bb2 38.Kg3 Ra4 39.f5 gxf5 40.gxf5 Be5+ 41.Kg2 
Ne4 42.Bd3 Nf6 43.Bc2 Ra5 44.a4 Nxd5 45.Rf3 Nf6 46.Kf1 Nd7 47.Re3 Nc5 48.
Re2 Na6 49.Bd1 Kg7 50.Na7 Nb4 51.Rg2+ Kf6 52.Nc8 Nd5 53.Re2 Nc3 54.Rd2 
Nxd1 55.Rxd1 Rxa4 56.Nb6 Ra1 57.Nd5+ Kxf5 58.Nxe7+ Ke6 59.Rxa1 Bxa1 60.Nc6
f5 61.Ke2 Kd5 62.Nb4+ Ke4 63.Nd3 Bd4 64.Ne1 Be3 65.h4 d5 66.h5 h6 67.Kf1 
f4 68.Kg2 d4 69.Kf1 d3 70.Ng2 f3 0-1

[Event "XII Festival A"]
[Site "Robecchetto con Induno ITA"]
[Date "1999.01.02"]
[Round "2"]
[White "Sabatini, Carlo"]
[Black "Brunetti, Alessandro"]
[Result "0-1"]
[WhiteElo "1950"]
[BlackElo "1824"]
[PlyCount "67"]
[EventDate "1999.01.02"]

1.d4 d5 2.c4 e6 3.Nc3 c6 4.Nf3 Nf6 5.e3 Nbd7 6.Bd3 dxc4 7.Bxc4 b5 8.Bd3 a6
9.e4 c5 10.e5 cxd4 11.Nxb5 axb5 12.exf6 Qb6 13.fxg7 Bxg7 14.O-O Bb7 15.Qe2
b4 16.Ng5 h6 17.Ne4 Ra5 18.Bf4 Be5 19.Bxe5 Nxe5 20.f4 Nxd3 21.Qxd3 Ba6 22.
Qc2 Bxf1 23.Qc8+ Qd8 24.Qc6+ Kf8 25.Rxf1 Qd5 26.Qc7 Kg7 27.Rf3 Rf8 28.Rg3+
Kh8 29.Qe7 Qd8 30.Qxb4 Rxa2 31.Nd6 Qf6 32.Nf5 Rd8 33.Qe7 Qxe7 34.Nxe7 0-1

[Event "XII Festival A"]
[Site "Robecchetto con Induno ITA"]
[Date "1999.01.03"]
[Round "3"]
[White "Barlocco, Carlo"]
[Black "Bonetti, Marco"]
[Result "1-0"]
[WhiteElo "2245"]
[BlackElo "1902"]
[PlyCount "41"]
[EventDate "1999.01.02"]

1.e4 Nf6 2.e5 Nd5 3.d4 d6 4.Nf3 Bg4 5.Be2 Nc6 6.c4 Nb6 7.e6 fxe6 8.Ng5 
Bxe2 9.Qxe2 Nxd4 10.Qe4 e5 11.Nxh7 Qd7 12.c5 dxc5 13.Qg6+ Kd8 14.Ng5 Kc8 
15.Nf7 Rh4 16.Nxe5 Qd5 17.O-O Nc4 18.f4 Ne2+ 19.Kh1 Nxc1 20.Qf5+ Kb8 21.
Qxf8+ 1-0

[Event "XII Festival A"]
[Site "Robecchetto con Induno ITA"]
[Date "1999.01.03"]
[Round "3"]
[White "Bemporad, Filippo"]
[Black "Pozzoli, Mauro"]
[Result "1-0"]
[WhiteElo "2060"]
[BlackElo "1816"]
[PlyCount "69"]
[EventDate "1999.01.02"]

1.d4 d5 2.Nf3 Nf6 3.g3 e6 4.Bg2 Be7 5.O-O O-O 6.c4 c6 7.Qc2 b6 8.Nbd2 Bb7 
9.e4 dxe4 10.Nxe4 Nxe4 11.Qxe4 Nd7 12.b3 Qc7 13.Bf4 Bd6 14.Ng5 Nf6 15.Bxd6
Qxd6 16.Qe3 Rad8 17.Rad1 Qd7 18.Nf3 Qc7 19.b4 c5 20.dxc5 bxc5 21.b5 Ne4 
22.a4 h6 23.h3 Nd6 24.Qc3 Nf5 25.g4 Bxf3 26.Bxf3 Nd4 27.Kg2 Qf4 28.Qe3 Qf6
29.Be4 Qh4 30.Qg3 Qe7 31.Qe5 Rfe8 32.Rfe1 Qh4 33.Qxc5 e5 34.Bc6 Qf6 35.
Rxd4 1-0

[Event "XII Festival A"]
[Site "Robecchetto con Induno ITA"]
[Date "1999.01.03"]
[Round "3"]
[White "Brioschi, Camillo"]
[Black "Sabatini, Carlo"]
[Result "0-1"]
[WhiteElo "1642"]
[BlackElo "1950"]
[PlyCount "96"]
[EventDate "1999.01.02"]

1.d4 Nf6 2.c4 g6 3.Nc3 Bg7 4.e4 d6 5.Be2 O-O 6.Nf3 e5 7.dxe5 dxe5 8.Qxd8 
Rxd8 9.Bg5 Re8 10.Nd5 Nxd5 11.cxd5 c6 12.Bc4 Nd7 13.dxc6 bxc6 14.Rc1 Bb7 
15.Nd2 Nf8 16.Nb3 Ne6 17.Bxe6 fxe6 18.Nc5 Rab8 19.b3 Ba8 20.Ke2 Bf8 21.
Rhd1 Bxc5 22.Rxc5 Rb5 23.Be3 Kf7 24.f3 a5 25.Rd7+ Re7 26.Rxe7+ Kxe7 27.Rc4
Bb7 28.Ra4 Ba6 29.Kd1 Rb7 30.Rxa5 Bf1 31.Rxe5 Bxg2 32.Ke2 Rb5 33.Bc5+ Kf6 
34.f4 Bxe4 35.Rxe4 Rxc5 36.Kf3 Rc2 37.Re2 Rc1 38.a4 Ra1 39.Rc2 Ra3 40.Rb2 
Kf5 41.Ke3 c5 42.Kd3 Kxf4 43.Kc4 e5 44.Kxc5 e4 45.Kb6 e3 46.a5 Kf3 47.a6 
e2 48.Rxe2 Rxb3+ 0-1

[Event "XII Festival A"]
[Site "Robecchetto con Induno ITA"]
[Date "1999.01.03"]
[Round "3"]
[White "Brunetti, Alessandro"]
[Black "Montaruli, Roberto"]
[Result "1/2-1/2"]
[WhiteElo "1824"]
[BlackElo "1828"]
[PlyCount "58"]
[EventDate "1999.01.02"]

1.d4 d5 2.c4 c6 3.cxd5 cxd5 4.Nf3 Nf6 5.Nc3 e6 6.Bf4 a6 7.e3 Nc6 8.Bd3 Bd7
9.O-O Nb4 10.Bb1 Rc8 11.Ne5 Be7 12.a3 Nc6 13.Qd3 Na7 14.g4 Bb5 15.Nxb5 
Nxb5 16.f3 Nd6 17.h4 Nd7 18.h5 Nxe5 19.Bxe5 Bf6 20.Bxd6 Qxd6 21.Kg2 g6 22.
hxg6 hxg6 23.f4 g5 24.Bc2 gxf4 25.exf4 Rc4 26.Rad1 Rxd4 27.Qc3 Rxf4 28.
Qc8+ Bd8 29.Rxf4 Rh2+ 1/2-1/2

[Event "XII Festival A"]
[Site "Robecchetto con Induno ITA"]
[Date "1999.01.03"]
[Round "3"]
[White "Galli, Fabio"]
[Black "Ciolac, Gheorghe"]
[Result "1/2-1/2"]
[WhiteElo "1900"]
[BlackElo "2389"]
[PlyCount "48"]
[EventDate "1999.01.02"]

1.e4 e5 2.Nf3 Nc6 3.Bb5 a6 4.Bxc6 dxc6 5.O-O f6 6.d4 exd4 7.Nxd4 c5 8.Nb3 
Qxd1 9.Rxd1 Bg4 10.f3 Be6 11.Bf4 c4 12.Nc1 Bc5+ 13.Kf1 Rd8 14.Rxd8+ Kxd8 
15.Ne2 Ne7 16.Nbc3 Kc8 17.Rd1 Re8 18.Bg3 b5 19.a3 Rd8 20.Rxd8+ Kxd8 21.Bf2
Bd6 22.Bg3 Bc5 23.Bf2 Bd6 24.Bg3 Bc5 1/2-1/2

[Event "XII Festival A"]
[Site "Robecchetto con Induno ITA"]
[Date "1999.01.03"]
[Round "3"]
[White "Larghi, Riccardo"]
[Black "Gabetto, Flaviano"]
[Result "0-1"]
[WhiteElo "1845"]
[BlackElo "2053"]
[PlyCount "68"]
[EventDate "1999.01.02"]

1.e4 g6 2.d4 c6 3.Nc3 Bg7 4.Nf3 d5 5.exd5 cxd5 6.h3 a6 7.Bd3 Nc6 8.a3 f6 
9.O-O Nh6 10.Bxh6 Bxh6 11.Re1 O-O 12.Qe2 Kh8 13.Nd1 Bg7 14.c3 e5 15.dxe5 
fxe5 16.Bc2 e4 17.Nh2 Qh4 18.Qf1 Be5 19.Ne3 Bg3 20.Re2 d4 21.cxd4 Nxd4 22.
Rd2 Bxh2+ 23.Kxh2 Nf3+ 24.gxf3 Rxf3 25.Bxe4 Bxh3 26.Bxf3 Bxf1+ 27.Kg1 Bb5 
28.Bxb7 Rf8 29.Bg2 g5 30.b4 g4 31.Nf1 Qg5 32.Rad1 Qf4 33.Ng3 Ba4 34.Nh5 
Qh6 0-1

[Event "XII Festival A"]
[Site "Robecchetto con Induno ITA"]
[Date "1999.01.03"]
[Round "3"]
[White "Liscio, Giovanni"]
[Black "Orsi, Massimiliano"]
[Result "1-0"]
[WhiteElo "1804"]
[BlackElo "1813"]
[PlyCount "103"]
[EventDate "1999.01.02"]

1.d4 d5 2.c4 e6 3.Nc3 c5 4.e3 Nc6 5.Nf3 Nf6 6.Be2 Be7 7.O-O O-O 8.a3 cxd4 
9.exd4 dxc4 10.Bxc4 Nd5 11.Re1 Bf6 12.Ba2 b6 13.Ne4 Bb7 14.Qd3 Rc8 15.Bd2 
Nce7 16.Rad1 Ng6 17.Bb1 Be7 18.Neg5 Nf6 19.Ne5 Qd5 20.Qh3 Qxd4 21.Bc3 Rxc3
22.bxc3 Qf4 23.Nxe6 fxe6 24.Qxe6+ Kh8 25.g3 Nxe5 26.gxf4 Nf3+ 27.Kf1 Nxh2+
28.Ke2 Bxa3 29.Kd3 Bd5 30.Qh3 Nhg4 31.Ke2 Bc6 32.Kf1 Bc5 33.Rd2 Nh6 34.Kg1
a5 35.Red1 Nf7 36.Bg6 Kg8 37.Bxf7+ Kxf7 38.Rd8 Rxd8 39.Rxd8 Be7 40.Rb8 Bd7
41.Qd3 Bc5 42.Rb7 Ke7 43.Kf1 h6 44.Ke1 a4 45.Kd1 a3 46.Kc1 h5 47.f5 Kd8 
48.Qg3 Ne8 49.Qb8+ Ke7 50.Qe5+ Kd8 51.Rb8+ Bc8 52.Rxc8+ 1-0

[Event "XII Festival A"]
[Site "Robecchetto con Induno ITA"]
[Date "1999.01.03"]
[Round "3"]
[White "Ottolini, Graziano"]
[Black "Quagliarella, Sabino Remo"]
[Result "1/2-1/2"]
[WhiteElo "1815"]
[BlackElo "1802"]
[PlyCount "93"]
[EventDate "1999.01.02"]

1.Nf3 d6 2.g3 e5 3.d3 f5 4.Bg2 Nc6 5.c4 Nf6 6.Nc3 Be7 7.O-O O-O 8.a3 a5 9.
Rb1 Kh8 10.b4 axb4 11.axb4 Qe8 12.Bg5 e4 13.Nd2 exd3 14.exd3 Qg6 15.Bxf6 
Bxf6 16.Nd5 Bd8 17.Nf3 Ne5 18.Re1 c6 19.Nf4 Nxf3+ 20.Bxf3 Qf7 21.b5 Bd7 
22.h4 Ba5 23.Re2 Rfe8 24.Rxe8+ Qxe8 25.Nh3 Bc3 26.d4 h6 27.Nf4 cxb5 28.
cxb5 Bxb5 29.Qb3 Ra1 30.Bh5 Rxb1+ 31.Qxb1 Qe1+ 32.Qxe1 Bxe1 33.Ng6+ Kh7 
34.Ne7 g6 35.Bxg6+ Kg7 36.h5 Bd3 37.Nxf5+ Bxf5 38.Bxf5 b5 39.Kf1 Bc3 40.d5
Kf6 41.Bd3 b4 42.f4 b3 43.Ke2 Bd4 44.Bb1 Bc3 45.Kf3 Kg7 46.Ke4 Kf6 47.Kf3 
1/2-1/2

[Event "XII Festival A"]
[Site "Robecchetto con Induno ITA"]
[Date "1999.01.03"]
[Round "3"]
[White "Rossi, Giampiero"]
[Black "Minerva, Enzo"]
[Result "1/2-1/2"]
[WhiteElo "2023"]
[BlackElo "2084"]
[PlyCount "90"]
[EventDate "1999.01.02"]

1.d4 Nf6 2.c4 c5 3.dxc5 e6 4.Nc3 Bxc5 5.Nf3 Qb6 6.e3 O-O 7.a3 Be7 8.Be2 d5
9.cxd5 Rd8 10.O-O Nxd5 11.Nxd5 Rxd5 12.Qc2 Bd7 13.e4 Rc5 14.Qd1 Bb5 15.Be3
Bxe2 16.Qxe2 Qb5 17.Rfe1 Qxe2 18.Rxe2 Rc4 19.Rc1 Rxc1+ 20.Bxc1 Nc6 21.b4 
Rd8 22.Rd2 Rxd2 23.Bxd2 Bf6 24.b5 Nd4 25.Nxd4 Bxd4 26.Kf1 Kf8 27.Ke2 Ke8 
28.f3 Bc5 29.a4 Kd7 30.Kd3 a6 31.Kc4 Bg1 32.h3 Kc7 33.Ba5+ Kd6 34.Bb4+ Kc7
35.bxa6 bxa6 36.Bc5 Bh2 37.g4 Bg3 38.Be3 Kc6 39.f4 g6 40.f5 h5 41.fxg6 
fxg6 42.gxh5 gxh5 43.Kd3 Bd6 44.Ke2 Bc5 45.Bd2 Bd6 1/2-1/2

[Event "XII Festival A"]
[Site "Robecchetto con Induno ITA"]
[Date "1999.01.04"]
[Round "4"]
[White "Bonetti, Marco"]
[Black "Sabatini, Carlo"]
[Result "0-1"]
[WhiteElo "1902"]
[BlackElo "1950"]
[PlyCount "94"]
[EventDate "1999.01.02"]

1.e4 e5 2.Nf3 Nc6 3.Bb5 a6 4.Bxc6 dxc6 5.O-O f6 6.d4 exd4 7.Nxd4 c5 8.Nb3 
Qxd1 9.Rxd1 Bd7 10.Be3 b6 11.N1d2 O-O-O 12.a4 a5 13.Nc4 Ne7 14.e5 Nc6 15.
exf6 gxf6 16.Bf4 Bg7 17.c3 Be6 18.Nbd2 Ne5 19.Nxe5 fxe5 20.Bg5 Rd7 21.Ne4 
Rxd1+ 22.Rxd1 Bb3 23.Ra1 h6 24.Be3 Rd8 25.f3 Rd1+ 26.Rxd1 Bxd1 27.Ng3 Bc2 
28.Nh5 Bf8 29.g4 Kd7 30.Nf6+ Ke6 31.Ng8 Bxa4 32.Nxh6 Bc2 33.Kf2 b5 34.Ng8 
a4 35.g5 b4 36.cxb4 cxb4 37.Bc1 a3 38.bxa3 bxa3 39.Ke2 a2 40.Bb2 Bc5 41.
Kd2 Bg6 42.h4 Bd4 43.Kc1 a1=Q+ 44.Bxa1 Bxa1 45.Nf6 Bd4 46.h5 Be3+ 47.Kd1 
Bxg5 0-1

[Event "XII Festival A"]
[Site "Robecchetto con Induno ITA"]
[Date "1999.01.04"]
[Round "4"]
[White "Ciolac, Gheorghe"]
[Black "Barlocco, Carlo"]
[Result "1/2-1/2"]
[WhiteElo "2389"]
[BlackElo "2245"]
[PlyCount "93"]
[EventDate "1999.01.02"]

1.e4 c5 2.Ne2 Nc6 3.Nbc3 Nf6 4.d4 cxd4 5.Nxd4 d6 6.g3 g6 7.Nde2 Bg7 8.Bg2 
O-O 9.O-O Bg4 10.h3 Bd7 11.a4 Rc8 12.Be3 a5 13.f4 Nb4 14.Qd2 Bc6 15.Rac1 
d5 16.e5 Ne4 17.Nxe4 dxe4 18.Qxd8 Rfxd8 19.Nc3 f6 20.Bb6 Rd2 21.Bxa5 Nxc2 
22.Bxe4 Ne3 23.Rfe1 Nc4 24.Nd5 Rxd5 25.Bxd5+ Bxd5 26.b3 fxe5 27.bxc4 Bc6 
28.fxe5 Bxa4 29.Bb4 e6 30.Bd6 Bh6 31.Rb1 Bc6 32.Rb3 Ra8 33.Ra3 Rc8 34.Rea1
b6 35.Rb1 Be4 36.Rxb6 Bc1 37.Rab3 Rxc4 38.R6b4 Rxb4 39.Rxb4 Be3+ 40.Kh2 
Bd5 41.Rb8+ Kf7 42.Rh8 Kg7 43.Rc8 g5 44.Be7 h5 45.Bf6+ Kg6 46.Rc3 Bd2 47.
Rc2 1/2-1/2

[Event "XII Festival A"]
[Site "Robecchetto con Induno ITA"]
[Date "1999.01.04"]
[Round "4"]
[White "Gabetto, Flaviano"]
[Black "Rossi, Giampiero"]
[Result "1/2-1/2"]
[WhiteElo "2053"]
[BlackElo "2023"]
[PlyCount "91"]
[EventDate "1999.01.02"]

1.e4 c5 2.b4 cxb4 3.d4 d5 4.e5 e6 5.a3 Nc6 6.axb4 Bxb4+ 7.c3 Bf8 8.Bd3 Nh6
9.Nf3 Nf5 10.O-O Be7 11.g4 Nh4 12.Nxh4 Bxh4 13.f4 Be7 14.Ba3 a6 15.Bxe7 
Qxe7 16.Na3 Rb8 17.Nc2 Bd7 18.Ne3 g6 19.g5 h5 20.gxh6 Rxh6 21.Ng4 Rh8 22.
Nf6+ Kd8 23.Qb3 Be8 24.Qa2 Qc7 25.Qb2 Na5 26.Qa3 Nc4 27.Bxc4 Qxc4 28.Rf2 
Bb5 29.Rc1 Qc7 30.Rf3 Qe7 31.Qa2 Rc8 32.Rb1 Kc7 33.Rxb5 axb5 34.Qa5+ Kc6 
35.c4 bxc4 36.Qa4+ Kc7 37.Qa5+ b6 38.Qa7+ Kd8 39.Qxb6+ Qc7 40.Qb5 Rb8 41.
Rh3 Rf8 42.Qa4 Rb1+ 43.Kf2 Rb2+ 44.Kg3 Rb3+ 45.Kg4 Rxh3 46.Qa8+ 1/2-1/2